000 00465nam a22001577a 4500
082 _aT-157
100 _aArslan Farooq
_948499
245 _aRehabilitation of Historic Buildings Gulzar Mahal Bahawalpur as a Case Study
_cArslan Farooq
260 _aRisalpur
_bMCE
300 _aXI, 72 p.:
526 _a0
_b0
_c0
_dT_157
650 _aMaster of Science in Civil Engineering
650 _aThesis
_934811
700 _aCol Dr Naseem Baig
_948500
942 _2ddc
_cBK
999 _c551426
_d551426